The new service society
Bewaard in:
| Hoofdauteur: | |
|---|---|
| Formaat: | Boek |
| Taal: | Undetermined |
| Gepubliceerd in: |
Harlow
Longman
1973
|
| Onderwerpen: | |
| Tags: |
Voeg label toe
Geen labels, Wees de eerste die dit record labelt!
|
| Thư viện lưu trữ: | Trung tâm Học liệu Trường Đại học Cần Thơ |
|---|
| LEADER | 00462nam a2200181Ia 4500 | ||
|---|---|---|---|
| 001 | CTU_84374 | ||
| 008 | 210402s9999 xx 000 0 und d | ||
| 082 | |a 330.9 | ||
| 082 | |b L673 | ||
| 100 | |a Lewis, Russell | ||
| 245 | 4 | |a The new service society | |
| 245 | 0 | |c Russell Lewis | |
| 260 | |a Harlow | ||
| 260 | |b Longman | ||
| 260 | |c 1973 | ||
| 650 | |a Service industries | ||
| 904 | |i Qhieu(sửa) | ||
| 980 | |a Trung tâm Học liệu Trường Đại học Cần Thơ | ||